000 00589nam a2200229Ia 4500
003 OSt
005 20220924133222.0
006 a|||||r|||| 00| 0
007 ta
008 220923b |||||||| |||| 00| 0 urd d
024 _a260587
037 _cTextual
040 _aARTS
_cARTS
_burd
041 _2urd
_aurd
082 _aO168,6x2.M7, G4.1-.4
100 _aFazaluddin Au.
_9205918
245 0 _aTehzeebul ikhlaq
260 _c1934
650 _aURDU PROSE
_926866
942 _hO168,6x2.M7, G4.1-.4
_cTEXL
_2CC
999 _c433039
_d433039